Art donations : selected works donated by members of the World Federation of Friends of Museums = Donations d'art : sélection d'oeuvres données par les membres de la Fédération Mondiale des Amis des Musées = Donaciones de arte : selección de obras donadas por los miembros de la Federación Mundial de Amigos de los Museos (Record no. 10861)
[ view plain ]
| 000 -CABECERA | |
|---|---|
| campo de control de longitud fija | 01599nam a22003257a 4500 |
| 001 - NÚMERO DE CONTROL | |
| campo de control | BRCA_9242 |
| 003 - IDENTIFICADOR DEL NÚMERO DE CONTROL | |
| campo de control | FranzMayer |
| 005 - FECHA Y HORA DE LA ÚLTIMA TRANSACCIÓN | |
| campo de control | 20230918131125.0 |
| 008 - DATOS DE LONGITUD FIJA--INFORMACIÓN GENERAL | |
| campo de control de longitud fija | 221005b |||||||| |||| 00| 0 eng d |
| 040 ## - FUENTE DE LA CATALOGACIÓN | |
| Lengua de catalogación | spa |
| Centro/agencia transcriptor | MFM |
| 041 1# - CÓDIGO DE LENGUA | |
| Código de lengua del texto/banda sonora o título independiente | eng |
| -- | fre |
| -- | spa |
| 050 ## - SIGNATURA TOPOGRÁFICA DE LA BIBLIOTECA DEL CONGRESO | |
| Número de clasificación | NX710. |
| Número de documento/Ítem | A78 2005 |
| 245 ## - MENCIÓN DE TÍTULO | |
| Título | Art donations : selected works donated by members of the World Federation of Friends of Museums = Donations d'art : sélection d'oeuvres données par les membres de la Fédération Mondiale des Amis des Musées = Donaciones de arte : selección de obras donadas por los miembros de la Federación Mundial de Amigos de los Museos |
| 260 ## - PUBLICACIÓN, DISTRIBUCIÓN, ETC. | |
| Lugar de publicación, distribución, etc. | Italia : |
| Nombre del editor, distribuidor, etc. | Edizioni d'Arte Severgnini, |
| Fecha de publicación, distribución, etc. | 2005 |
| 260 ## - PUBLICACIÓN, DISTRIBUCIÓN, ETC. | |
| Nombre del editor, distribuidor, etc. | Federación Mundial de Amigos de los Museos, |
| Fecha de publicación, distribución, etc. | 2005 |
| 300 ## - DESCRIPCIÓN FÍSICA | |
| Extensión | 222 pp. : |
| Otras características físicas | fot. ; |
| Dimensiones | 29.5 x 30 cm. |
| 500 ## - NOTA GENERAL | |
| Nota general | un ejemplar en Anexo 1 |
| 500 ## - NOTA GENERAL | |
| Nota general | Incluye imagen de la Colección Museo Franz Mayer (p. 131) |
| 505 ## - NOTA DE CONTENIDO CON FORMATO | |
| Título | FMAM: recorriendo los próximos treinta años / |
| Mención de responsabilidad | Carla Bossi Comelli |
| 505 ## - NOTA DE CONTENIDO CON FORMATO | |
| Título | Amigos de los museos, museos de amigos / |
| Mención de responsabilidad | Luis Monreal |
| 505 ## - NOTA DE CONTENIDO CON FORMATO | |
| Título | Pasado, presente y futuro de los museos / |
| Mención de responsabilidad | Jérôme Bindé |
| 505 ## - NOTA DE CONTENIDO CON FORMATO | |
| Título | Mecenazgo a los museos: una introducción / |
| Mención de responsabilidad | Bernard Aikema |
| 505 ## - NOTA DE CONTENIDO CON FORMATO | |
| Título | Selección de las obras |
| 505 ## - NOTA DE CONTENIDO CON FORMATO | |
| Título | Apéndice |
| 505 ## - NOTA DE CONTENIDO CON FORMATO | |
| Título | Grupo Collado y cultura / |
| Mención de responsabilidad | Guillermo Vogel Hinojosa y José Antonio Rodríguez Cacho |
| 610 ## - PUNTO DE ACCESO ADICIONAL DE MATERIA--NOMBRE DE ENTIDAD CORPORATIVA | |
| Nombre de entidad corporativa o nombre de jurisdicción como elemento de entrada | World Federation of Friends of Museums |
| Subdivisión de forma | Catálogo |
| Subdivisión general | Arte |
| -- | Historia |
| 9 (RLIN) | 28597 |
| 650 ## - PUNTO DE ACCESO ADICIONAL DE MATERIA--TÉRMINO DE MATERIA | |
| Término de materia o nombre geográfico como elemento de entrada | Mezenazgo artístico |
| Subdivisión general | Museos |
| 9 (RLIN) | 28598 |
| 650 ## - PUNTO DE ACCESO ADICIONAL DE MATERIA--TÉRMINO DE MATERIA | |
| Término de materia o nombre geográfico como elemento de entrada | Museos |
| Subdivisión general | Adquisiciones |
| 9 (RLIN) | 28599 |
| 942 ## - ELEMENTOS DE PUNTO DE ACCESO ADICIONAL (KOHA) | |
| Fuente del sistema de clasificación o colocación | Library of Congress Classification |
| Tipo de ítem Koha | Libros |
| Estado de retiro | Estado de pérdida | Fuente del sistema de clasificación o colocación | Estado dañado | No para préstamo | Localización permanente | Ubicación/localización actual | Fecha de adquisición | Total de préstamos | Signatura topográfica completa | Código de barras | Fecha visto por última vez | Precio válido a partir de | Tipo de ítem Koha | Código de colección |
|---|---|---|---|---|---|---|---|---|---|---|---|---|---|---|
| El ejemplar forma parte de la colección y puede ser consultado según las políticas vigentes. | Library of Congress Classification | Biblioteca del Museo Franz Mayer (Rogerio Casas-Alatriste) | Biblioteca del Museo Franz Mayer (Rogerio Casas-Alatriste) | 06/10/2022 | NX710. A78 2005 | CONT10035 | 06/10/2022 | 06/10/2022 | Libros | |||||
| El ejemplar forma parte de la colección y puede ser consultado según las políticas vigentes. | Library of Congress Classification | Biblioteca del Museo Franz Mayer (Rogerio Casas-Alatriste) | Biblioteca del Museo Franz Mayer (Rogerio Casas-Alatriste) | 08/09/2023 | NX710. A78 2005 | CONT10211 | 08/09/2023 | 08/09/2023 | Libros | Fondo Contemporáneo |